=LDR 00000nam 2200000 4500 =001 INLIS000000000019240 =005 20130612114328 =008 ***********************************Ind** =035 ##$$a0010-061300000019240 =041 ##$$a Ind =082 ##$$a 658.404 =090 ##$$a 658.404, Erv t =100 ##$$a Ervianto, Wulfram Y =245 ##$$a Teori aplikasi manajemen proyek konstruksi, Wulfram Y. Ervianto =260 ##$$a 2004 $b Yogyakarta =300 ##$$a x, 272 hlm, ilus, 22 cm =650 ##$$a Manajemen Proyek =850 ##$$a NBPNMAT =990 ##$$a 0001/BPAP-NTB/20142014